[Event "ARG-chT ART Semillero U21"]
[Site "Villa Martelli"]
[Date "2018.06.09"]
[Round "2.2"]
[White "Chuchi, Magno Agustin"]
[Black "Robles Medina, Gabriel"]
[Result "0-1"]
[WhiteElo "1345"]
[BlackElo "1552"]
[PlyCount "86"]
[EventDate "2018.06.02"]
[EventType "team-swiss"]
[EventRounds "6"]
[EventCountry "ARG"]
[SourceTitle "EXT 2019"]
[Source "ChessBase"]
[SourceDate "2018.10.10"]
[SourceVersion "1"]
[SourceVersionDate "2018.10.10"]
[SourceQuality "1"]
[WhiteTeam "Lasker Quilmes U21"]
[BlackTeam "Mar del Plata U21"]
[WhiteTeamCountry "ARG"]
[BlackTeamCountry "ARG"]

1. e4 g6 2. Nf3 Bg7 3. d4 d6 4. c3 Nd7 5. Bc4 Ngf6 6. Qe2 e5 7. Bg5 0-0 8. 0-0 Qe7 9. Nbd2 Nb6 10. Bb3 Be6 11. Rad1 Bxb3 12. Nxb3 exd4 13. cxd4 Qxe4 14. Qxe4 Nxe4 15. Rc1 Nxg5 16. Nxg5 Bh6 17. f4 Nd5 18. Nh3 c6 19. g3 Rfe8 20. Na5 Re7 21. Rfe1 Rae8 22. Rxe7 Rxe7 23. Nc4 Bg7 24. Rd1 Ne3 25. Nxe3 Rxe3 26. Kf2 Re4 27. d5 Rd4 28. Ke2 Rxd1 29. Kxd1 Bxb2 30. Kc2 Bd4 31. Ng5 cxd5 32. Kd3 Bc5 33. Nf3 f5 34. Nd4 a6 35. Ne6 h5 36. Nc7 Bg1 37. h3 Bh2 38. g4 fxg4 39. hxg4 hxg4 40. Nxd5 g3 41. Ne3 Bg1 42. Ng2 Kf7 43. Ke2 Ke6 0-1